Т. 4: Работа актера над ролью: материалы к книге; Собрание сочинений

Bibliografiske detaljer
Parent link:Собрание сочинений: в 8 т./ К. С. Станиславский; гл. ред. М. Н. Кедров. Т. 4: Работа актера над ролью.— , 1954-1961
Corporate Authors: Государственный научно-исследовательский институт театра и музыки, Московский Художественный академический театр имени М. Горького
Andre forfattere: Кристи Г. В. (автор предисловия), Прокофьев Вл. Н.
Sprog:russisk
Udgivet: 1957
Fag:
Format: MixedMaterials Bog
KOHA link:https://koha.lib.tpu.ru/cgi-bin/koha/opac-detail.pl?biblionumber=271392

MARC

LEADER 00000nam2a2200000 4500
001 271392
005 20231101234431.0
035 |a (RuTPU)RU\TPU\book\294574 
035 |a RU\TPU\book\294568 
090 |a 271392 
100 |a 20141007d1957 m y0rusy50 ca 
101 0 |a rus 
102 |a RU 
105 |a ac z 001zy 
200 0 |a Т. 4: Работа актера над ролью  |e материалы к книге  |f Государственный научно-исследовательский институт театра и музыки ; Московский Художественный академический театр имени М. Горького ; подготовка текста, вступит. ст. и коммент. Г. В. Кристи и Вл. Н. Прокофьева 
210 |d 1957 
215 |a 550 с., [9] вкл. л.  |c ил., портр. 
316 |5 63413507: М-133013  |a На титульном листе владельческая подпись: "Бутаков" 
317 |5 63413507: М-133013  |a Поступила в НТБ в 1970 г. в составе книжного собрания профессора ТПИ И. Н. Бутакова 
320 |a Приложения с. 371-471 
320 |a Комментарии: с. 473-542 
320 |a Перечень иллюстраций: с. 543-544 
320 |a Указатель имен и названий по 2, 3 и 4 томам Собрания сочинений К. С. Станиславского: с. 545-550 
461 1 |0 (RuTPU)RU\TPU\book\294507  |t Собрание сочинений  |o в 8 т.  |f К. С. Станиславский  |g гл. ред. М. Н. Кедров  |v Т. 4: Работа актера над ролью  |d 1954-1961 
606 1 |a Театр  |2 stltpush  |3 (RuTPU)RU\TPU\subj\58738  |9 76490 
610 1 |a искусство 
610 1 |a актерское искусство 
610 1 |a художественное творчество 
610 1 |a творческий процесс 
610 1 |a библиотека И. Н. Бутакова 
610 1 |a владельческая надпись 
702 1 |a Кристи  |b Г. В.  |4 080 
702 1 |a Прокофьев  |b Вл. Н.  |4 080 
712 0 2 |a Государственный научно-исследовательский институт театра и музыки  |2 stltpush  |3 (RuTPU)RU\TPU\col\19904 
712 0 2 |a Московский Художественный академический театр имени М. Горького  |2 stltpush  |3 (RuTPU)RU\TPU\col\19905 
801 1 |a RU  |b 63413507  |c 20141007 
801 2 |a RU  |b 63413507  |c 20190906  |g RCR 
942 |c BK